000
00273pab a2200109 454500
008
180718b xxu||||| |||| 00| 0 eng d
100
_a
Rai, Chowdhuri, Satyabrata
245
_a
Police brutality: result of frustration
650
_a
Police
773
_a
Statesman
909
_a
24156
999
_c
24156
_d
24156